Slashed Beauties/ (Record no. 214390)

MARC details
000 -LEADER
fixed length control field 00562nam a22002057a 4500
005 - DATE AND TIME OF LATEST TRANSACTION
control field 20260121125619.0
010 ## - LCCN (DPL NO)
LC control number ENG-147600
020 ## - INTERNATIONAL STANDARD BOOK NUMBER
International Standard Book Number 9789357315906
Terms of availability 599.00
035 ## - SYSTEM CONTROL NUMBER
System control number EN-131132
037 ## - SOURCE OF ACQUISITION
Source of stock number/acquisition DBAD
082 ## - DEWEY DECIMAL CLASSIFICATION NUMBER
Classification number N
Edition number 1
100 ## - MAIN ENTRY--PERSONAL NAME
Personal name Rushby, A.
245 ## - TITLE STATEMENT
Title Slashed Beauties/
Statement of responsibility, etc A. Rushby
250 ## - EDITION STATEMENT
Edition statement 1
260 ## - PUBLICATION, DISTRIBUTION, ETC. (IMPRINT)
Place of publication, distribution, etc Gurugram
Name of publisher, distributor, etc Hachette Book Publishing Pvt. Ltd.
Date of publication, distribution, etc 2025
270 ## - ADDRESS
Address 4th&5th Floors, Corporate Centre Plot No. 94, Sector 44,
City Gurugram
Postal code 122003
300 ## - PHYSICAL DESCRIPTION
Extent 350p.
Dimensions 20cm(pb)
760 ## - MAIN SERIES ENTRY
Edition 1
942 ## - ADDED ENTRY ELEMENTS (KOHA)
Source of classification or shelving scheme Dewey Decimal Classification
Item type English Books
Classification part N
Call number suffix RUS
Edition 1
Holdings
Withdrawn status Lost status Not for loan Collection code Home library Current library Date acquired Source of acquisition Cost, normal purchase price Full call number Barcode Copy number Cost, replacement price Koha item type
      Non-fiction Central Jail Tihar Central Jail Tihar 21/01/2026 Delivery of Books Act Division 599.00 N RUS EN-131132 1 599.00 English Books

© Delhi Public Library
Hit Counter
free hit counter